African Country A-Z - Statistics

General Stats
  • This quiz has been taken 47 times
  • The average score is 15 of 15
Answer Stats
Letter Country % Correct
A Algeria / Angola
100%
C Cabo Verde / Cameroon / CAR / Chad / Comoros / Congo / Cote d'Ivoire
100%
D Djibouti / DR Congo
100%
E Egypt / Equatorial Guinea / Eritrea / Eswatini / Ethiopia
100%
M Madagascar / Malawi / Mali / Mauritania / Mauritius / Morocco / Mozambique
98%
N Namibia / Niger / Nigeria
98%
S Sao Tome & Principe / Senegal / Seychelles / Sierra Leone / Somalia / South Africa / South Sudan / Sudan
98%
T Tanzania / Togo / Tunisia
98%
U Uganda
98%
Z Zambia / Zimbabwe
98%
G Gabon / Gambia / Ghana / Guinea / Guinea-Bissau
95%
L Lesotho / Liberia / Libya
95%
K Kenya
93%
R Rwanda
93%
B Benin / Botswana / Burkina Faso / Burundi
88%
No matching quizzes found
Score Distribution
Percent of People with Each Score
Percentile by Number Answered
Your Score History
You have not taken this quiz